الحداثة في منظور إيماني / (رقم التسجيلة. 50976)

تفاصيل مارك
000 -LEADER
fixed length control field 00645nam a22002057a 4500
005 - DATE AND TIME OF LATEST TRANSACTION
control field 20251108170853.0
008 - FIXED-LENGTH DATA ELEMENTS--GENERAL INFORMATION
fixed length control field 250721s1993 xx 000 0 ara d
082 14 - DEWEY DECIMAL CLASSIFICATION NUMBER
Classification number 210.48/نحو
100 1# - MAIN ENTRY--PERSONAL NAME
Personal name النحوي، عدنان علي رضا
245 10 - TITLE STATEMENT
Title الحداثة في منظور إيماني /
250 ## - EDITION STATEMENT
Edition statement ط4
264 1# - PRODUCTION, PUBLICATION, DISTRIBUTION, MANUFACTURE, AND COPYRIGHT NOTICE
Place of production, publication, distribution, manufacture الرياض :
Name of producer, publisher, distributor, manufacturer دار النحوي للنشر و التوزيع،
Date of production, publication, distribution, manufacture, or copyright notice 1993.
300 ## - PHYSICAL DESCRIPTION
Extent 291ص
490 0# - SERIES STATEMENT
Series statement إلى لقاء المؤمن و بناء الجيل المؤمن
650 17 - SUBJECT ADDED ENTRY--TOPICAL TERM
Topical term or geographic name as entry element الإسلام
650 17 - SUBJECT ADDED ENTRY--TOPICAL TERM
Topical term or geographic name as entry element الأدب
650 17 - SUBJECT ADDED ENTRY--TOPICAL TERM
Topical term or geographic name as entry element النقد الأدبي
942 ## - ADDED ENTRY ELEMENTS (KOHA)
Source of classification or shelving scheme Dewey Decimal Classification
Koha item type كتب
المقتنيات
حالة السحب حالة الفقدان مصدر التصنيف حالة التلف غير قابل للإعارة المكتبة الرئيسية المكتبة الحالية موقع الرف تاريخ التزويد الرقم المتسلسل Total Checkouts رقم الإستدعاء تاريخ آخر ظهور تاريخ الفاتورة نوع المادة (كوها) الباركود
    Dewey Decimal Classification     مكتبة أم قصير والمقابلين العامة مكتبة أم قصير والمقابلين العامة الإعارة 28/07/2025 514832   210.48/نحو 28/07/2025 28/07/2025 كتب 514832
    Dewey Decimal Classification     مكتبة الأميرة سلمى مكتبة الأميرة سلمى الإعارة 11/06/2015 1465721   210.48/نحو 28/07/2025 11/06/2015 كتب PLD00330432
    Dewey Decimal Classification Unchecked   مكتبة الاميرة بديعة مكتبة الاميرة بديعة الإعارة 28/07/2025 514827   210.48/نحو 28/07/2025 28/07/2025 كتب  
    Dewey Decimal Classification Unchecked   مكتبة الحسن العامة مكتبة الحسن العامة الإعارة 06/07/2004 10233   210.48/نحو 28/07/2025 06/07/2004 كتب  
    Dewey Decimal Classification     مكتبة حمزة العامة مكتبة حمزة العامة الإعارة 28/07/2025 514830   210.48/نحو 28/07/2025 28/07/2025 كتب 514830
    Dewey Decimal Classification     مكتبة صويلح العامة مكتبة صويلح العامة الإعارة 19/08/2015 012626   210.48/نحو 28/07/2025 19/08/2015 كتب PLD00342154
Implemented & Customized by: BBB with SCIT (Smart Chains for Information Technology)

Powered by Koha